000 00265nam a22001217a 4500
003 SGT
082 _a617.7
_bR07J
100 _aJOUSSEN, ANTONIA M.
245 _aRETINAL VASCULAR DISEASES
260 _aGERMANY
_bSPRINGER
_c2007
300 _a778
942 _2ddc
_cBK
999 _c14799
_d14799